000 00474nam a2200169Ia 4500
008 230917s9999||||xx |||||||||||||| ||und||
020 _cRS 250.00
040 _e5010059
_aMAIN
041 _aEnglish
082 _a647.94 A38M
100 _aAggarwal, Neeraj
245 0 _aMultiple choice questions (MCQ) in hotel housekeeping
260 _aNew Delhi
_bAman Publications
_c2020
300 _a115 p.
500 _a4501 25/01/2022 IF22/1071 27/01/2022 IHTM (SFS)
942 _cBK
999 _c5204
_d5204